Conceptual framework and accounting standards: (Record no. 1831)

MARC details
000 -LEADER
fixed length control field 00738nam a22002177a 4500
003 - CONTROL NUMBER IDENTIFIER
control field OSt
005 - DATE AND TIME OF LATEST TRANSACTION
control field 20240702081323.0
008 - FIXED-LENGTH DATA ELEMENTS--GENERAL INFORMATION
fixed length control field 240702b |||||||| |||| 00| 0 eng d
020 ## - INTERNATIONAL STANDARD BOOK NUMBER
International Standard Book Number 621-416-050-1
040 ## - CATALOGING SOURCE
Original cataloging agency DWC- Main Lib
Transcribing agency OC
082 ## - DEWEY DECIMAL CLASSIFICATION NUMBER
Classification number Fil. 657 C117c 2018
100 ## - MAIN ENTRY--PERSONAL NAME
Personal name Cabrera, Elenita Balatbat
245 ## - TITLE STATEMENT
Title Conceptual framework and accounting standards:
Remainder of title press and pass-based/
Statement of responsibility, etc. Elenita Balatbat Cabrera.
250 ## - EDITION STATEMENT
Edition statement 2018-2019 edition.
260 ## - PUBLICATION, DISTRIBUTION, ETC.
Place of publication, distribution, etc. Manila, Philippines:
Name of publisher, distributor, etc. GIC Enterprises & Co., Inc.
Date of publication, distribution, etc. c2018.
300 ## - PHYSICAL DESCRIPTION
Extent xi, 361 pages :
Other physical details illustrations ;
Dimensions 23cm.
504 ## - BIBLIOGRAPHY, ETC. NOTE
Bibliography, etc. note Includes index and Bibliographical references.
650 ## - SUBJECT ADDED ENTRY--TOPICAL TERM
Topical term or geographic name entry element 1. Accounting
650 ## - SUBJECT ADDED ENTRY--TOPICAL TERM
Topical term or geographic name entry element 2. Accounting standards
942 ## - ADDED ENTRY ELEMENTS (KOHA)
Source of classification or shelving scheme Dewey Decimal Classification
Koha item type Book-Filipiniana
Suppress in OPAC Yes
952 ## - LOCATION AND ITEM INFORMATION (KOHA)
--
952 ## - LOCATION AND ITEM INFORMATION (KOHA)
--
952 ## - LOCATION AND ITEM INFORMATION (KOHA)
--
952 ## - LOCATION AND ITEM INFORMATION (KOHA)
--
952 ## - LOCATION AND ITEM INFORMATION (KOHA)
--
Holdings
Withdrawn status Lost status Source of classification or shelving scheme Damaged status Not for loan Home library Current library Date acquired Source of acquisition Cost, normal purchase price Total Checkouts Full call number Barcode Date last seen Copy number Price effective from Koha item type Uniform Resource Identifier
    Dewey Decimal Classification     College Library College Library 09/30/2019 School Fund 400.00   Fil. 657 C117c 2018 52263 07/02/2024 c1 07/02/2024 BK - FIL
    Dewey Decimal Classification     College Library College Library 09/30/2019 School Fund 400.00   Fil. 657 C117c 2018 52264 07/02/2024 c2 07/02/2024 BK - FIL
    Dewey Decimal Classification     College Library College Library 09/30/2019 School Fund 400.00   Fil. 657 C117c 2018 52265 07/02/2024 c3 07/02/2024 BK - FIL
    Dewey Decimal Classification     College Library College Library 09/30/2019 School Fund 400.00   Fil. 657 C117c 2018 52266 07/02/2024 c4 07/02/2024 BK - FIL
    Dewey Decimal Classification     College Library College Library 09/30/2019 School Fund 400.00   Fil. 657 C117c 2018 52267 07/02/2024 c5 07/02/2024 BK - FIL